La France (notice n° 1925470)
[ vue normale ]
| 000 -LEADER | |
|---|---|
| fixed length control field | 01484cam a2200133 4500500 |
| 005 - DATE AND TIME OF LATEST TRANSACTION | |
| control field | 20260329023214.0 |
| 041 ## - LANGUAGE CODE | |
| Language code of text/sound track or separate title | fre |
| 042 ## - AUTHENTICATION CODE | |
| Authentication code | dc |
| 100 10 - MAIN ENTRY--PERSONAL NAME | |
| Personal name | Pitte, Jean-Robert |
| Relator term | author |
| 245 00 - TITLE STATEMENT | |
| Title | La France |
| 260 ## - PUBLICATION, DISTRIBUTION, ETC. | |
| Name of publisher, distributor, etc. | Armand Colin,<br/> |
| Date of publication, distribution, etc. | 2009.<br/> |
| 520 ## - SUMMARY, ETC. | |
| Summary, etc. | Ce livre présente une géographie générale de la France permettant de comprendre la formation du territoire national et son organisation actuelle. L’auteur aborde l’ensemble des facettes de la discipline géographique. Il s’attache à la géographie historique de la France, à sa géographie démographique, à la question des milieux, mais aussi à celle de l’aménagement du territoire. Il explique le système formé par les villes et les voies de communication, l’organisation de l’espace productif français, avant de se pencher sur les espaces vécus des Français, sur la place de la France en Europe et dans le monde, dans une perspective de géographie culturelle et de géopolitique. La nouvelle édition est riche d’un ensemble de documents et de données mis à jour, ainsi que d’une cartographie actualisée permettant de saisir l’unité et la diversité du territoire français. Cet ouvrage est destiné à un public d’étudiants ou d’élèves de classes préparatoires, mais aussi de non-spécialistes, pour lesquels il constitue un outil très utile, clair et synthétique. |
| 856 41 - ELECTRONIC LOCATION AND ACCESS | |
| Uniform Resource Identifier | <a href="https://shs.cairn.info/la-france--9782200351892?lang=fr&redirect-ssocas=7080">https://shs.cairn.info/la-france--9782200351892?lang=fr&redirect-ssocas=7080</a> |
Pas d'exemplaire disponible.




Réseaux sociaux